Η Βαβυλωνία
Saved in:
| Main Author: | |
|---|---|
| Other Authors: | |
| Format: | Book |
| Language: | Greek |
| Published: |
Αθήνα :
Ερμής,
1990
|
| Series: | Νέα ελληνική βιβλιοθήκη. Θέατρο (Ερμής)
20 |
| Subjects: | |
| Tags: |
Add Tag
No Tags, Be the first to tag this record!
|
MARC
| LEADER | 00000nam a2200000 i 4500 | ||
|---|---|---|---|
| 001 | 1/99814 | ||
| 008 | 950404s1990 gre d | ||
| 035 | |l 10011455 | ||
| 040 | |a GR-MY-UA |b gre |e aacr | ||
| 041 | 0 | |a gre | |
| 082 | 0 | |a 889.22 | |
| 100 | 1 | |a Βυζάντιος, Δημήτριος Κ., |d 1790-1853. | |
| 245 | 1 | 2 | |a Η Βαβυλωνία / |c Δ. Κ. Βυζάντιος ; Επιμέλεια Σπύρος Α. Ευαγγελάτος |
| 260 | |a Αθήνα : |b Ερμής, |c 1990 | ||
| 300 | |a 160 σ. | ||
| 490 | 1 | |a (Νέα ελληνική βιβλιοθήκη. Θέατρο / Ερμής ; |v 20) | |
| 650 | 0 | 0 | |a Greek literature. |
| 650 | 0 | 0 | |a Greek drama, Modern. |
| 700 | 1 | |a Ευαγγελάτος, Σπύρος Α., |d 1940- |4 edt | |
| 830 | 0 | |a Νέα ελληνική βιβλιοθήκη. |p Θέατρο (Ερμής) |v 20 | |
| 852 | |a INST |b LESVOS |e 19950404 |h 889.22 ΒΥΖ |p 005100001799 |q 005100001799 |t BK |y 0 | ||
| 909 | |a Λ |b 035166 | ||
| 922 | |a 1ΕΛΗ |b 199403 |c ΕΞΕΡΤΖΟΓΛΟΥ | ||